i Salud (Registro nro. 1203)

Detalles MARC
000 -LEADER
fixed length control field 00676nas a22001817a 4500
008 - CAMPO DE CONTROL RECURSOS CONTINUADOS
fixed length control field 130304t20069999ag ||||| |||| 00| 0 spa d
022 ## - INTERNATIONAL STANDARD SERIAL NUMBER
International Standard Serial Number 1850-0668
245 ## - TITULO
Titulo i Salud
260 ## - PUBLICACION, DISTRIBUCION, ETC. (PIE DE IMPRENTA)
Lugar de publicación, distribución, etc Buenos Aires:
Nombre de la editorial, distribuidor, etc. Universidad ISALUD,
Fecha de publicación 2006
300 ## - DESCRIPCION FISICA
Extensión v. :
310 ## - FRECUENCIA ACTUAL DE LA PUBLICACION
Frecuencia actual de la publicación bimestral
546 ## - NOTA DE IDIOMA
Nota de lenguaje español
590 ## - NOTAS LOCALES (RLIN)
Nota local Existencias: 2006 1(2-5); 2007 2(6-10); 2008 3(11-15); 2009 4(19,20); 2010 5(22-24); 2011 6(27,28,30); 2012 7(32-35), 2013 8(36-40); 2014 9(41,43,44,45,46); 2015 10(47,48, 49); 2016 11(51,52,53,54);
650 ## - MATERIA-TERMINO TEMATICO
Término temático SALUD PUBLICA
9 (RLIN) 1914
650 ## - MATERIA-TERMINO TEMATICO
Término temático POLITICAS, PLANIFICACION Y ADMINISTRACION EN SALUD
9 (RLIN) 1926
856 ## - LOCALIZACION ELECTRONICA Y ACCESO
Identificador Uniforme de Recurso (URI) <a href="http://www.isalud.edu.ar/">http://www.isalud.edu.ar/</a>
942 ## - ADDED ENTRY ELEMENTS (KOHA)
Source of classification or shelving scheme Dewey Decimal Classification
Item type Continuing Resources

No hay ítems disponibles.


UNIVERSIDAD NACIONAL DEL COMAHUE
Biblioteca de la Facultad de Ciencias Médicas
Sede Toschi: Los Arrayanes y Av. Toschi, Cipolletti  - Rio Negro
Sede Los Tordos:  Yrigoyen al 2211, Cipolletti - Rio Negro 

Teléfono: 0299 - 4774707 int 25
Contacto: biblioteca@facimed.uncoma.edu.ar
© 2011 - 2026